Charge-coupled devices (Record no. 37115)

MARC details
000 -LEADER
fixed length control field 00512nam a2200133 a 4500
008 - FIXED-LENGTH DATA ELEMENTS--GENERAL INFORMATION
fixed length control field 120416s1977 ||||||||||||||||| || u
050 ## - LIBRARY OF CONGRESS CALL NUMBER
Classification number TK 7871.99.C45 Cha
245 10 - TITLE STATEMENT
Title Charge-coupled devices
Statement of responsibility, etc. edited by Roger Melen
246 ## - VARYING FORM OF TITLE
Title proper/short title technology and applications
260 ## - PUBLICATION, DISTRIBUTION, ETC.
Place of publication, distribution, etc. New York
Name of publisher, distributor, etc. IEEE Press
Date of publication, distribution, etc. 1977
300 ## - PHYSICAL DESCRIPTION
Extent vi, 415p. : ill.
350 ## - PRICE (NR) (BK AM CF MU VM SE) [OBSOLETE]
Price 0.00
995 ## - RECOMMENDATION 995 [LOCAL, UNIMARC FRANCE]
-- 0.00
-- CBU-MAIN LIBRARY (Kitwe)
-- 1
-- 14.15
-- AVAILABLE
-- Annex Low-Usage Collection
Holdings
Withdrawn status Lost status Source of classification or shelving scheme Damaged status Not for loan Home library Current library Shelving location Date acquired Total Checkouts Full call number Barcode Date last seen Price effective from Koha item type
          CBU-MAIN LIBRARY, KITWE. CBU-MAIN LIBRARY, KITWE.   11/30/2022   TK 7871.99.C45 Cha 016475 11/30/2022 11/30/2022 MONOGRAPH